[Event "Ch Europe (team)"]
[Site "masterchessopen.com Debrecen (Hungary)"]
[Round "0"]
[White "Spasov Vasil (BUL)"]
[Black "Van Der Wiel John T H (NED)"]
[Result "0-1"]
[WhiteElo "2535"]
[BlackElo "2545"]

1.e4 c5 2.Nf3 d6 3.d4 cxd4 4.Nxd4 Nf6 5.Nc3 Nc6 6.Bg5 e6 7.Qd2 a6 8.O-O-O Bd7
9.f4 h6 10.Bxf6 Qxf6 11.Nb3 Qd8 12.Kb1 Qc7 13.h4 O-O-O 14.Rh3 Be7 15.Qf2 Kb8
16.Rhd3 g5 17.Nd5 exd5 18.exd5 Bg4 19.dxc6 Bxd1 20.Nd4 Bf6 21.Rxd1 Bxd4
22.Qxd4 Qxc6 23.fxg5 hxg5 24.hxg5 Rh1 25.a3 Rc8 26.Ka2 Qxc2 27.Qxd6+ Ka7
28.Rd2 Qc1 29.Qd4+ Ka8 30.Rf2 Rxf1 {#R} 0-1

[Event "Ch World (juniors) (under 16)"]
[Site "masterchessopen.com Duisburg (Germany)"]
[Round "9"]
[White "Kulaots Kaido (EST)"]
[Black "Szuk Balazs (HUN)"]
[Result "1-0"]
[WhiteElo "2592"]
[BlackElo "2401"]

1.e4 c5 2.Nf3 Nc6 3.d4 cxd4 4.Nxd4 Nf6 5.Nc3 d6 6.Bg5 e6 7.Qd2 a6 8.O-O-O Bd7
9.f4 b5 10.Nxc6 Bxc6 11.Qe3 Be7 12.Bxf6 Bxf6 13.e5 Be7 14.exd6 Bxd6 15.Qd4 Bf8
16.Qf2 Qa5 17.f5 b4 18.fxe6 f6 19.Nd5 b3 20.Qf5 Bc5 21.Nxf6+ {#r} 1-0

[Event "It (open)"]
[Site "masterchessopen.com Espoo (Finland)"]
[Round "0"]
[White "Pulkkinen Kari (FIN)"]
[Black "Karner Hillar (EST)"]
[Result "0-1"]
[WhiteElo "2263"]
[BlackElo "2251"]

1.e4 c5 2.Nf3 Nc6 3.d4 cxd4 4.Nxd4 Nf6 5.Nc3 d6 6.Bg5 e6 7.Qd2 a6 8.O-O-O Bd7
9.f4 Rb8 10.Nf3 b5 11.e5 b4 12.exf6 bxc3 13.Qxc3 g6 14.a3 Qb6 15.g4 Rc8 16.Qd2
d5 17.Bd3 Na5 18.Qg2 Ba4 19.f5 Bxa3 20.bxa3 Bxc2 21.Bxc2 Nb3+ 22.Kb2 Nd2+
23.Kc1 Qb1+ 24.Kxd2 Qxc2+ 25.Ke3 Rc3+ 26.Kf4 Qxg2 {#R} 0-1

[Event "corr."]
[Site "masterchessopen.com Finland"]
[Round "0"]
[White "Palmo Pentti (FIN)"]
[Black "Piuva Matti (FIN)"]
[Result "0-1"]
[WhiteElo "2065"]
[BlackElo "2205"]

1.e4 c5 2.Nf3 d6 3.d4 cxd4 4.Nxd4 Nf6 5.Nc3 Nc6 6.Bg5 e6 7.Qd2 a6 8.O-O-O Bd7
9.f4 b5 10.Bxf6 gxf6 11.Kb1 Qb6 12.Nce2 Na5 13.b3 Rb8 14.Ng3 Nc4 15.Qd3 h5
16.Be2 Qc5 17.Ka1 Na3 18.c3 b4 19.c4 h4 20.Nf1 Bh6 21.g3 f5 22.Bf3 Bg7 23.Kb2
fxe4 24.Bxe4 d5 {#R} 0-1

[Event "It (open)"]
[Site "masterchessopen.com Forli (Italy)"]
[Round "4"]
[White "Caposciutti Maurizio (ITA)"]
[Black "Mednis Edmar J (USA)"]
[Result "1-0"]
[WhiteElo "2316"]
[BlackElo "2381"]

1.e4 c5 2.Nf3 Nc6 3.Nc3 d6 4.d4 cxd4 5.Nxd4 Nf6 6.Bg5 e6 7.Qd2 a6 8.O-O-O Bd7
9.f3 Be7 10.Kb1 O-O 11.h4 b5 12.Nxc6 Bxc6 13.Ne2 Rc8 14.Nd4 Bb7 15.g4 Nd7
16.Be3 d5 17.exd5 Bxd5 18.Be2 Nb6 19.g5 Nc4 20.Bxc4 bxc4 21.Qc3 Qd7 22.h5 Rfd8
23.h6 e5 24.Ne2 Qe6 25.Nf4 Bb4 26.Nxe6 Bxc3 27.Nxd8 Rb8 28.Rxd5 Rxb2+ 29.Kc1
Rxa2 30.Kd1 {#r} 1-0

[Event "It (open) \"]
[Site "masterchessopen.com Leeuwarden (Netherlands)"]
[Round "6"]
[White "Luther Thomas (GER)"]
[Black "Van Der Wiel John T H (NED)"]
[Result "0-1"]
[WhiteElo "2435"]
[BlackElo "2545"]

1.e4 c5 2.Nf3 d6 3.d4 cxd4 4.Nxd4 Nf6 5.Nc3 Nc6 6.Bg5 e6 7.Qd2 a6 8.O-O-O Bd7
9.f4 h6 10.Bh4 g5 11.fxg5 Ng4 12.Nf3 hxg5 13.Bxg5 f6 14.e5 fxg5 15.exd6 Qa5
16.Bc4 O-O-O 17.Rhe1 Nge5 18.Nxe5 Nxe5 19.Bb3 Bg7 20.h3 g4 21.Qd4 Kb8 22.hxg4
Rhg8 23.Qg1 Nxg4 24.Ne4 Rgf8 25.Kb1 Rf5 26.Nd2 Nf2 27.Nc4 Qc5 28.Rd2 Ne4
29.Qxc5 Nxd2+ {#R} 0-1

[Event "It (open) \"]
[Site "masterchessopen.com Leeuwarden (Netherlands)"]
[Round "2"]
[White "Timmermans Ivo (NED)"]
[Black "Hoeksema Hendrik Pieter (NED)"]
[Result "0-1"]
[WhiteElo "2247"]
[BlackElo "2430"]

1.e4 c5 2.Nf3 d6 3.d4 cxd4 4.Nxd4 Nf6 5.Nc3 Nc6 6.Bg5 e6 7.Qd2 a6 8.O-O-O Bd7
9.f4 b5 10.Nxc6 Bxc6 11.Qe3 Qb8 12.Bxf6 gxf6 13.Nd5 Bg7 14.Be2 Kf8 15.Nb6 Ra7
16.Nc8 Rd7 17.Nxd6 Rxd6 18.Qc5 Ke7 19.e5 fxe5 20.fxe5 Bxe5 21.Qxe5 Rxd1+ {#R}
0-1

[Event "Olympiad"]
[Site "masterchessopen.com Manila (Philippines)"]
[Round "7"]
[White "Camilleri Stephan J (MLT)"]
[Black "Jiravorasuk Banjuab (THA)"]
[Result "0-1"]
[WhiteElo "2109"]
[BlackElo "2281"]

1.e4 c5 2.Nf3 d6 3.d4 cxd4 4.Nxd4 Nf6 5.Nc3 Nc6 6.Bg5 e6 7.Qd2 a6 8.O-O-O Bd7
9.f4 h6 10.Bxf6 gxf6 11.Kb1 h5 12.Be2 Rc8 13.Rhe1 b5 14.Nxc6 Bxc6 15.Bd3 Be7
16.Qe3 Qc7 17.Ne2 d5 18.Rc1 dxe4 19.Bxe4 Bc5 20.Qf3 Bxe4 21.Qxe4 f5 22.Qd3 Be7
23.g3 Bf6 24.Ng1 O-O 25.Qe2 Bxb2 26.Qxh5 Bg7 27.Qf3 Qa5 28.Re3 b4 29.Ne2 Rc3
30.Rd1 Qa3 {#R} 0-1

[Event "Olympiad"]
[Site "masterchessopen.com Manila (Philippines)"]
[Round "8"]
[White "Milos Gilberto (BRA)"]
[Black "Atalik Suat (BIH)"]
[Result "1-0"]
[WhiteElo "2555"]
[BlackElo "2455"]

1.e4 c5 2.Nf3 d6 3.d4 cxd4 4.Nxd4 Nf6 5.Nc3 Nc6 6.Bg5 e6 7.Qd2 a6 8.O-O-O Bd7
9.Be2 Rc8 10.f4 Be7 11.Nb3 b5 12.Bxf6 gxf6 13.Bh5 Na5 14.f5 Nc4 15.Qe1 O-O
16.Rd3 Ne5 17.Rh3 exf5 18.Qh4 Kg7 19.Bxf7 Rh8 20.Bd5 h5 21.Rg3+ Ng4 22.exf5
Qb6 23.Re1 Rce8 24.Rxg4+ {#r} 1-0

[Event "Ch Marshall Chess Club (juniors)"]
[Site "masterchessopen.com New York (USA)"]
[Round "3"]
[White "Khan Anna (USA)"]
[Black "Arnett David A (USA)"]
[Result "0-1"]
[WhiteElo "2257"]
[BlackElo "2311"]

1.e4 c5 2.Nf3 Nc6 3.d4 cxd4 4.Nxd4 Nf6 5.Nc3 d6 6.Bg5 e6 7.Qd2 a6 8.O-O-O Bd7
9.f4 b5 10.Nxc6 Bxc6 11.e5 dxe5 12.Qxd8+ Rxd8 13.Rxd8+ Kxd8 14.fxe5 h6 15.Bh4
g5 16.exf6 gxh4 17.Be2 b4 18.Nb1 Kc7 19.Bxa6 h3 {#R} 0-1

[Event "It"]
[Site "masterchessopen.com Novi Sad (Yugoslavia)"]
[Round "1"]
[White "Mirkovic Slobodan (SRB)"]
[Black "Kozul Zdenko (CRO)"]
[Result "0-1"]
[WhiteElo "2352"]
[BlackElo "2540"]

1.e4 c5 2.Nf3 d6 3.d4 cxd4 4.Nxd4 Nf6 5.Nc3 Nc6 6.Bg5 e6 7.Qd2 a6 8.O-O-O Bd7
9.f4 b5 10.Nxc6 Bxc6 11.Qe1 Be7 12.Bd3 b4 13.e5 dxe5 14.fxe5 Qa5 15.Bxf6 gxf6
16.Be4 Bxe4 17.Qxe4 O-O 18.Qg4+ Kh8 19.exf6 Bxf6 20.Ne4 Bg7 21.Nd6 Qxa2 {#R}
0-1

[Event "It \"]
[Site "masterchessopen.com Philadelphia (USA)"]
[Round "0"]
[White "Cunningham Robin (USA)"]
[Black "Saidy Anthony F (USA)"]
[Result "1-0"]
[WhiteElo "2295"]
[BlackElo "2336"]

1.e4 c5 2.Nf3 d6 3.d4 cxd4 4.Nxd4 Nf6 5.Nc3 Nc6 6.Bg5 e6 7.Qd2 a6 8.O-O-O Bd7
9.Be2 b5 10.Nxc6 Bxc6 11.Qe3 Be7 12.e5 Nd5 13.Nxd5 Bxg5 14.Nc7+ Qxc7 15.Qxg5
dxe5 16.Qxg7 Rf8 17.Qxh7 Bxg2 18.Rhg1 Bd5 19.Rg3 Qb6 20.Qh5 Rd8 21.Qxe5 Qxf2
22.Rgd3 f6 23.Rxd5 fxe5 24.Rxd8+ Kf7 25.Rxf8+ Kxf8 26.Rf1 {#r} 1-0

[Event "It \"]
[Site "masterchessopen.com Philadelphia (USA)"]
[Round "0"]
[White "Fang Joseph (USA)"]
[Black "Yermolinsky Alex (USA)"]
[Result "0-1"]
[WhiteElo "2309"]
[BlackElo "2615"]

1.e4 c5 2.Nf3 d6 3.d4 cxd4 4.Nxd4 Nf6 5.Nc3 Nc6 6.Bg5 e6 7.Qd2 a6 8.O-O-O Bd7
9.f4 b5 10.Nxc6 Bxc6 11.Qe1 Be7 12.Bxf6 Bxf6 13.e5 Bh4 14.Qe3 Be7 15.exd6 Bxd6
16.Ne4 Bxe4 17.Qxe4 O-O 18.Bd3 g6 19.h4 Qf6 20.g3 Rfd8 21.h5 Rac8 22.Kb1 Bf8
23.h6 Rd4 24.Qb7 Rb4 25.b3 Qc3 26.Qxa6 Rd4 27.Rc1 Rd6 28.Qa7 Rd5 29.Qa6 Be7
30.Rhe1 Bf6 {#R} 0-1

[Event "It \"]
[Site "masterchessopen.com Philadelphia (USA)"]
[Round "0"]
[White "Shabalov Alexander (USA)"]
[Black "Arnett David A (USA)"]
[Result "1-0"]
[WhiteElo "2529"]
[BlackElo "2311"]

1.e4 c5 2.Nf3 Nc6 3.d4 cxd4 4.Nxd4 Nf6 5.Nc3 d6 6.Bg5 e6 7.Qd2 a6 8.O-O-O Bd7
9.f4 b5 10.Nxc6 Bxc6 11.Qe1 Be7 12.a3 Qb6 13.e5 dxe5 14.fxe5 Qa5 15.exf6 b4
16.Ne4 Rd8 17.fxe7 {#r} 1-0

[Event "It (cat.4)"]
[Site "masterchessopen.com Policka (Czech Republic)"]
[Round "0"]
[White "Stodola Jaroslav Sr (CZE)"]
[Black "Panchenko Alexander N (RUS)"]
[Result "0-1"]
[WhiteElo "2230"]
[BlackElo "2460"]

1.e4 c5 2.Nf3 Nc6 3.d4 cxd4 4.Nxd4 Nf6 5.Nc3 d6 6.Bg5 e6 7.Qd2 a6 8.O-O-O Bd7
9.f4 b5 10.Bxf6 gxf6 11.Nxc6 Bxc6 12.Qe3 Qe7 13.Bd3 h5 14.Kb1 Qa7 15.Qh3 Qc5
16.f5 b4 17.Ne2 e5 18.g4 Bh6 19.gxh5 a5 20.Rhg1 a4 21.Rg3 Ke7 22.Rdg1 Rhc8
23.Rg7 d5 24.Qg2 Bxg7 25.exd5 Bxd5 26.Qxg7 e4 27.Nf4 Rg8 28.Ng6+ Kd7 29.Bb5+
Kc7 {#R} 0-1

[Event "It (play-off) \"]
[Site "masterchessopen.com Tilburg (Netherlands)"]
[Round "1"]
[White "Ernst Thomas (SWE)"]
[Black "Popovic Petar (SRB)"]
[Result "0-1"]
[WhiteElo "2570"]
[BlackElo "2535"]

1.e4 c5 2.Nf3 d6 3.d4 cxd4 4.Nxd4 Nf6 5.Nc3 Nc6 6.Bg5 e6 7.Qd2 a6 8.O-O-O Bd7
9.f4 b5 10.Bxf6 gxf6 11.Nxc6 Bxc6 12.Qe1 Be7 13.Bd3 Qb6 14.Kb1 h5 15.Rf1 b4
16.Ne2 d5 17.exd5 Bxd5 18.g3 a5 19.Nc1 Qb7 20.h3 a4 21.g4 hxg4 22.hxg4 b3
23.Qe2 bxa2+ 24.Nxa2 Rb8 25.c4 Bc6 26.Nc3 Rh3 27.Qc2 a3 28.Nb5 Rd8 29.Nc3
Rhxd3 {#R} 0-1

[Event "It (open)"]
[Site "masterchessopen.com Alcobendas (Spain)"]
[Round "5"]
[White "Candela Perez Jose (ESP)"]
[Black "Estremera Panos Sergio (ESP)"]
[Result "0-1"]
[WhiteElo "2418"]
[BlackElo "2379"]

1.e4 c5 2.Nf3 Nc6 3.d4 cxd4 4.Nxd4 Nf6 5.Nc3 d6 6.Bg5 e6 7.Qd2 a6 8.O-O-O Bd7
9.Kb1 h6 10.Be3 b5 11.f3 Rb8 12.g4 Ne5 13.Qg2 b4 14.Nce2 Nc4 15.Bc1 e5 16.Nf5
Na3+ 17.bxa3 bxa3+ 18.Ka1 Qb6 19.Nc3 d5 20.Ne3 Bc5 21.Rxd5 Be6 22.Bb5+ axb5
{#R} 0-1

[Event "It"]
[Site "masterchessopen.com Barcelona (Spain)"]
[Round "8"]
[White "Vehi Bach Victor M (ESP)"]
[Black "Gavrikov Viktor (LTU)"]
[Result "0-1"]
[WhiteElo "2385"]
[BlackElo "2514"]

1.e4 c5 2.Nf3 d6 3.d4 Nf6 4.Nc3 cxd4 5.Nxd4 Nc6 6.Bg5 e6 7.Qd2 a6 8.O-O-O Bd7
9.f4 h6 10.Bh4 g5 11.fxg5 Ng4 12.Nf3 hxg5 13.Bg3 Be7 14.Kb1 Nce5 15.Nxe5 Nxe5
16.Bd3 Rc8 17.Rhf1 b5 18.Qf2 Rh7 19.Ne2 Qc7 20.Ng1 Nxd3 21.cxd3 f5 22.Rc1 Qb7
23.Rxc8+ Bxc8 24.exf5 exf5 25.h3 f4 26.Bh2 Qd5 27.Qf3 Be6 28.Qxd5 Bxd5 29.Rf2
Bf6 30.g3 Bd4 31.Re2+ Kd7 {#R} 0-1

[Event "It \"]
[Site "masterchessopen.com Belgrade (Yugoslavia)"]
[Round "1"]
[White "Zontakh Andrey (UKR)"]
[Black "Poluljahov Aleksandr (RUS)"]
[Result "0-1"]
[WhiteElo "2455"]
[BlackElo "2515"]

1.e4 c5 2.Nf3 d6 3.d4 cxd4 4.Nxd4 Nf6 5.Nc3 Nc6 6.Bg5 e6 7.Qd2 a6 8.O-O-O Bd7
9.f4 b5 10.Bxf6 gxf6 11.Nxc6 Bxc6 12.Qe1 b4 13.Nd5 a5 14.Rd4 f5 15.Rc4 Bxd5
16.exd5 Qf6 17.dxe6 fxe6 18.Rc7 Kd8 19.Rb7 Kc8 20.Rb5 Bg7 21.c3 bxc3 22.Qe3
Qd4 23.Qxe6+ Kd8 24.Rd5 Qxf4+ 25.Kc2 Be5 26.bxc3 Re8 27.Qf7 Qa4+ {#R} 0-1

[Event "It (open)"]
[Site "masterchessopen.com Biel (Switzerland)"]
[Round "3"]
[White "Gallagher Joseph G (SUI)"]
[Black "Filipenko Alexander V (RUS)"]
[Result "1-0"]
[WhiteElo "2500"]
[BlackElo "2353"]

1.e4 c5 2.Nf3 Nc6 3.d4 cxd4 4.Nxd4 Nf6 5.Nc3 d6 6.Bg5 e6 7.Qd2 a6 8.O-O-O Bd7
9.f4 b5 10.Bxf6 gxf6 11.Nxc6 Bxc6 12.Bd3 Qb6 13.Rhe1 Be7 14.Kb1 h5 15.f5 b4
16.Ne2 e5 17.Ng3 Qc5 18.Qe2 a5 19.Nxh5 a4 20.g4 Bd8 21.Bc4 Ke7 22.h4 Bb6
23.Qd2 Qd4 24.Nxf6 a3 25.Nd5+ Bxd5 26.Qg5+ {#r} 1-0

[Event "Ch Finland (team) 1993/94"]
[Site "masterchessopen.com Finland"]
[Round "3"]
[White "Sammalvuo Tapani (FIN)"]
[Black "Luik Helmuth (EST)"]
[Result "1-0"]
[WhiteElo "2477"]
[BlackElo "2209"]

1.e4 c5 2.Nf3 Nc6 3.d4 cxd4 4.Nxd4 Nf6 5.Nc3 d6 6.Bg5 e6 7.Qd2 a6 8.O-O-O Bd7
9.f4 Rc8 10.Nf3 Nb8 11.e5 dxe5 12.fxe5 h6 13.Bh4 g5 14.Bf2 Nh5 15.g4 Nf4
16.Ne4 Be7 17.Nd6+ Bxd6 18.exd6 Bc6 19.Qe3 Nd7 20.h4 Qf6 21.hxg5 hxg5 22.Rxh8+
Qxh8 23.Nxg5 Nd5 24.Qd2 Ba4 25.Bd3 Ne5 26.d7+ Kxd7 27.Be4 f6 28.Nxe6 Kxe6
29.Qxd5+ Ke7 30.Bc5+ {#r} 1-0

[Event "Bundesliga (2nd) South 1992/93"]
[Site "masterchessopen.com Germany"]
[Round "0"]
[White "Krockenberger Martin (GER)"]
[Black "Perschke Ulrich (GER)"]
[Result "0-1"]
[WhiteElo "2193"]
[BlackElo "2201"]

1.e4 c5 2.Nf3 Nc6 3.d4 cxd4 4.Nxd4 Nf6 5.Nc3 d6 6.Bg5 e6 7.Qd2 a6 8.O-O-O Bd7
9.f4 b5 10.Nxc6 Bxc6 11.Bd3 Qb6 12.Rhe1 Be7 13.e5 dxe5 14.fxe5 b4 15.Ne2 Nd5
16.Bxe7 Nxe7 17.Qg5 Ng6 18.Ng3 Qc5 19.Nh5 O-O 20.h4 Qf2 21.Nxg7 Kxg7 22.Kb1
Qxh4 23.Qe3 Qf4 24.Qc5 Bd5 25.g3 Qg5 26.Qd4 a5 27.Re2 Rfd8 28.Qc5 Bf3 {#R} 0-1

[Event "Ch Germany"]
[Site "masterchessopen.com Germany"]
[Round "0"]
[White "Vatter Hans-Joachim (GER)"]
[Black "Kostadinov Atanas (BUL)"]
[Result "1-0"]
[WhiteElo "2322"]
[BlackElo "2236"]

1.e4 c5 2.Nf3 d6 3.d4 cxd4 4.Nxd4 Nf6 5.Nc3 Nc6 6.Bg5 e6 7.Qd2 a6 8.O-O-O Bd7
9.f3 Nxd4 10.Qxd4 Qc7 11.Bxf6 gxf6 12.Qxf6 Rg8 13.Qd4 Rg5 14.g3 Rc5 15.Rg1 b5
16.Rg2 b4 17.Nb1 d5 18.exd5 Rxd5 19.Qh8 O-O-O 20.Nd2 Ba4 21.Qxh7 Bxc2 22.Qxc2
Rc5 23.Nc4 Bh6+ 24.f4 Rd4 25.Rxd4 {#r} 1-0

[Event "It (open)"]
[Site "masterchessopen.com Hamburg (Germany)"]
[Round "4"]
[White "Luther Thomas (GER)"]
[Black "Stabolewski Andreas (GER)"]
[Result "1-0"]
[WhiteElo "2518"]
[BlackElo "2267"]

1.e4 c5 2.Nf3 d6 3.d4 cxd4 4.Nxd4 Nf6 5.Nc3 Nc6 6.Bg5 e6 7.Qd2 a6 8.O-O-O Bd7
9.f3 h6 10.Be3 d5 11.exd5 exd5 12.g4 Bb4 13.a3 Ba5 14.Rg1 Rc8 15.Nxc6 Rxc6
16.Bd4 b5 17.g5 Nh5 18.Re1+ Kf8 19.Bd3 b4 20.axb4 Bxb4 21.g6 Qh4 22.Qe3 Re6
23.Be5 Bxc3 24.Qc5+ Qe7 25.Qxc3 Bb5 26.Bxb5 axb5 27.Qc8+ Qe8 28.Bd6+ {#r} 1-0

[Event "Ch Club"]
[Site "masterchessopen.com Helsinki (Finland)"]
[Round "0"]
[White "Tusa Tuukka (FIN)"]
[Black "Sorri Kari Juhani (FIN)"]
[Result "0-1"]
[WhiteElo "2189"]
[BlackElo "2251"]

1.e4 c5 2.Nf3 Nc6 3.d4 cxd4 4.Nxd4 Nf6 5.Nc3 d6 6.Bg5 e6 7.Qd2 Bd7 8.O-O-O a6
9.f4 h6 10.Bh4 Qc7 11.Be2 Rc8 12.Nb3 Na5 13.Nxa5 Qxa5 14.Kb1 Bc6 15.Rhf1 Be7
16.Bg3 b5 17.Bf3 b4 18.Nd5 exd5 19.e5 dxe5 20.fxe5 Ne4 21.Bxe4 dxe4 22.Qf4 O-O
23.Qg4 Bd5 24.b3 Rxc2 25.Kxc2 Qxa2+ 26.Kc1 Bg5+ {#R} 0-1

[Event "Ch Hungary (team) 1993/94"]
[Site "masterchessopen.com Hungary"]
[Round "0"]
[White "Siklosi Zoltan (HUN)"]
[Black "Horvath Csaba (HUN)"]
[Result "0-1"]
[WhiteElo "2328"]
[BlackElo "2495"]

1.e4 c5 2.Nf3 d6 3.d4 Nf6 4.Nc3 cxd4 5.Nxd4 Nc6 6.Bg5 e6 7.Qd2 a6 8.O-O-O Bd7
9.f4 b5 10.Bxf6 gxf6 11.f5 Qb6 12.Nce2 h5 13.Kb1 Bh6 14.Qd3 Ne5 15.Qh3 Ke7
16.fxe6 fxe6 17.Nc3 Qc5 18.Be2 Rag8 19.Bxh5 Nc4 20.Nb3 Qe5 21.Rhe1 b4 22.Qd3
Bb5 23.Nd4 bxc3 24.Qxc3 Qxh5 25.e5 fxe5 {#R} 0-1

[Event "Ch Lisbon"]
[Site "masterchessopen.com Lisbon (Portugal)"]
[Round "2"]
[White "Oliveira Luis (POR)"]
[Black "Damaso Rui (POR)"]
[Result "0-1"]
[WhiteElo "2122"]
[BlackElo "2366"]

1.e4 c5 2.Nf3 d6 3.d4 cxd4 4.Nxd4 Nf6 5.Nc3 Nc6 6.Bg5 e6 7.Qd2 a6 8.O-O-O Bd7
9.f4 h6 10.Bh4 g5 11.fxg5 Ng4 12.Be2 Nge5 13.Nf3 Be7 14.Bg3 hxg5 15.Rhf1 f6
16.h4 gxh4 17.Nxh4 Qa5 18.Bxe5 Nxe5 19.Rh1 O-O-O 20.Nf3 Kb8 21.Nxe5 Qxe5
22.Rxh8 Rxh8 23.Qd4 Qg5+ 24.Kb1 Qxg2 25.Bxa6 bxa6 26.Qb6+ Kc8 27.Rd4 Rh1+
28.Nd1 Qxe4 29.Qxa6+ Qb7 {#R} 0-1

[Event "It \"]
[Site "masterchessopen.com New York (USA)"]
[Round "9"]
[White "Shabalov Alexander (USA)"]
[Black "Waitzkin Joshua (USA)"]
[Result "1-0"]
[WhiteElo "2590"]
[BlackElo "2464"]

1.e4 c5 2.Nf3 Nc6 3.d4 cxd4 4.Nxd4 Nf6 5.Nc3 d6 6.Bg5 e6 7.Qd2 a6 8.O-O-O Bd7
9.f4 b5 10.a3 Qb6 11.e5 Nxd4 12.exf6 Nf5 13.Bd3 g6 14.Rhe1 Bc6 15.g4 Nd4
16.Be4 Bxe4 17.Nxe4 Nf3 18.Qg2 Nxe1 19.Nxd6+ Bxd6 20.Qxa8+ Bb8 21.Bh6 Qc7
22.Rxe1 Kd7 23.Rd1+ Kc8 24.Qxa6+ Qb7 25.Qxb7+ Kxb7 26.Rd7+ Kc6 27.Rxf7 {#r}
1-0

[Event "It \"]
[Site "masterchessopen.com New York (USA)"]
[Round "6"]
[White "Waitzkin Joshua (USA)"]
[Black "Vulicevic Nenad (YUG)"]
[Result "1-0"]
[WhiteElo "2464"]
[BlackElo "2363"]

1.e4 c5 2.Nf3 d6 3.d4 cxd4 4.Nxd4 Nf6 5.Nc3 Nc6 6.Bg5 e6 7.Qd2 a6 8.O-O-O Bd7
9.f4 h6 10.Bh4 g5 11.fxg5 Ng4 12.Nxc6 bxc6 13.Be2 Ne5 14.Kb1 Rg8 15.Rhf1 hxg5
16.Bg3 g4 17.Bxe5 dxe5 18.h3 f5 19.exf5 exf5 20.hxg4 f4 21.g3 Be6 22.Qe1 Qb6
23.gxf4 Rb8 24.b3 Bb4 25.f5 Qa5 26.fxe6 Bxc3 27.Qh4 Bd4 28.Qh7 {#r} 1-0

[Event "It (open) \"]
[Site "masterchessopen.com Berlin (Germany)"]
[Round "0"]
[White "Malisauskas Vidmantas (LTU)"]
[Black "Heinbuch Detlef (GER)"]
[Result "1-0"]
[WhiteElo "2510"]
[BlackElo "2295"]

1.e4 c5 2.Nf3 Nc6 3.d4 cxd4 4.Nxd4 Nf6 5.Nc3 d6 6.Bg5 e6 7.Qd2 a6 8.O-O-O Bd7
9.f3 Be7 10.h4 Nxd4 11.Qxd4 Qa5 12.Kb1 h5 13.Bc4 Bc6 14.Rhe1 O-O-O 15.Nd5 Nxd5
16.exd5 Bxg5 17.dxc6 Bf6 18.Qa7 Qc7 19.cxb7+ Kd7 20.Bxa6 Rb8 21.Re4 Ke7 22.Rc4
Qd7 23.Qb6 {#r} 1-0

[Event "It (w)"]
[Site "masterchessopen.com Budapest (Hungary)"]
[Round "10"]
[White "Koglin Anke (GER)"]
[Black "Mackova Eva (CZE)"]
[Result "1-0"]
[WhiteElo "2200"]
[BlackElo "2175"]

1.e4 c5 2.Nf3 Nc6 3.d4 cxd4 4.Nxd4 Nf6 5.Nc3 d6 6.Bg5 e6 7.Qd2 a6 8.O-O-O Bd7
9.f4 b5 10.Bxf6 gxf6 11.Nxc6 Bxc6 12.Bd3 b4 13.Ne2 Qb6 14.Kb1 h5 15.Qe1 O-O-O
16.Qh4 Be7 17.f5 e5 18.Bc4 Rdg8 19.Ng3 Rg4 20.Qh3 Bxe4 21.Nxe4 Rxe4 22.Bxf7
Re3 23.Qh4 Kb8 24.Rhe1 Rxe1 25.Rxe1 Qc5 26.Rd1 Rc8 27.Qe4 h4 28.Bb3 a5 29.Qd5
Qxd5 {#r} 1-0

[Event "Ch Spain"]
[Site "masterchessopen.com Canete (Spain)"]
[Round "0"]
[White "Roiz Baztan David (ESP)"]
[Black "Gomez Esteban Juan Mario (ESP)"]
[Result "0-1"]
[WhiteElo "2282"]
[BlackElo "2465"]

1.e4 c5 2.Nf3 Nc6 3.d4 cxd4 4.Nxd4 Nf6 5.Nc3 d6 6.Bg5 e6 7.Qd2 a6 8.O-O-O Bd7
9.f4 h6 10.Bxf6 Qxf6 11.Nf3 g5 12.g3 Qd8 13.Kb1 gxf4 14.gxf4 Qc7 15.Rg1 O-O-O
16.Bh3 Kb8 17.f5 Bc8 18.Nd4 Nxd4 19.Qxd4 Rh7 20.Rg3 d5 21.exd5 Bc5 22.Qe4 Bd6
23.fxe6 Bxg3 24.e7 Re8 25.Qxh7 Be5 26.Qxf7 Rxe7 27.Qg8 Bxc3 28.d6 Qxd6
29.Qxc8+ Ka7 30.Qxc3 Qxd1# 0-1

[Event "It (open)"]
[Site "masterchessopen.com Ceske Budejovice (Czech Republic)"]
[Round "0"]
[White "Markovic Milan (CZE)"]
[Black "Jurka Miroslav (CZE)"]
[Result "0-1"]
[WhiteElo "2182"]
[BlackElo "2310"]

1.e4 c5 2.Nf3 d6 3.d4 cxd4 4.Nxd4 Nf6 5.Nc3 Nc6 6.Bg5 e6 7.Qd2 a6 8.O-O-O Bd7
9.f3 Be7 10.Kb1 b5 11.Nxc6 Bxc6 12.h4 O-O 13.g4 Qc7 14.Bh3 Rac8 15.Ne2 Nxe4
16.fxe4 Bxe4 17.Bxe7 Qxe7 18.Rh2 Rxc2 19.Qxc2 Bxc2+ 20.Kxc2 Rc8+ 21.Kb1 Qxh4
22.Rdh1 h6 23.g5 Qxg5 24.Rg2 Qe3 25.Ng3 Rc5 {#R} 0-1

[Event "Bundesliga (2nd) South 1993/94"]
[Site "masterchessopen.com Germany"]
[Round "0"]
[White "Zuse Klaus-Peter (GER)"]
[Black "Zeller Frank (GER)"]
[Result "1-0"]
[WhiteElo "2279"]
[BlackElo "2330"]

1.e4 c5 2.Nf3 d6 3.d4 cxd4 4.Nxd4 Nf6 5.Nc3 Nc6 6.Bg5 e6 7.Qd2 a6 8.O-O-O Bd7
9.f3 Rc8 10.g4 h5 11.gxh5 Rxh5 12.h4 Nxd4 13.Qxd4 Qa5 14.Kb1 b5 15.Bh3 Rc4
16.Qd3 Qc7 17.Rhe1 Be7 18.Ne2 e5 19.Bxd7+ Nxd7 20.Bxe7 Kxe7 21.Ng3 Rd4 22.Qa3
Ra4 23.Qe3 Rh7 24.Nf5+ Kf8 25.Rxd6 g6 26.Red1 f6 27.Rxd7 Rxd7 28.Qh6+ Kf7
29.Qg7+ Ke6 30.Qg8+ {#r} 1-0

[Event "It"]
[Site "masterchessopen.com Godesburg (Germany)"]
[Round "0"]
[White "Sieglen Joachim (GER)"]
[Black "Kengis Edvins (LAT)"]
[Result "0-1"]
[WhiteElo "2405"]
[BlackElo "2580"]

1.e4 c5 2.Nf3 d6 3.d4 Nf6 4.Nc3 cxd4 5.Nxd4 a6 6.Bg5 Nc6 7.Qd2 e6 8.O-O-O Bd7
9.f4 b5 10.Nxc6 Bxc6 11.Qe1 h6 12.Bh4 Be7 13.e5 Nd5 14.Bxe7 Qxe7 15.Nxd5 Bxd5
16.Bd3 O-O 17.Kb1 Rfd8 18.Rg1 dxe5 19.Qxe5 Rac8 20.Qe3 Qc7 21.g4 Bc4 22.Be4 b4
23.h4 Rxd1+ 24.Rxd1 Bd5 25.g5 Qc4 26.Bd3 Qxa2+ 27.Kc1 hxg5 28.hxg5 {#R} 0-1

[Event "It (open)"]
[Site "masterchessopen.com Graz (Austria)"]
[Round "1"]
[White "Krieger Hermann (GER)"]
[Black "Kozul Zdenko (CRO)"]
[Result "0-1"]
[WhiteElo "2200"]
[BlackElo "2575"]

1.e4 c5 2.Nf3 Nc6 3.d4 cxd4 4.Nxd4 Nf6 5.Nc3 d6 6.Bg5 e6 7.Qd2 a6 8.O-O-O Bd7
9.f4 b5 10.e5 dxe5 11.Nxc6 Bxc6 12.Qxd8+ Rxd8 13.Rxd8+ Kxd8 14.fxe5 h6 15.Bh4
g5 16.Bxg5 hxg5 17.exf6 Bd6 18.h3 Rh6 19.Kd2 Rxf6 20.Nd1 Ke7 21.h4 gxh4 22.Ke2
Bg3 {#R} 0-1

[Event "Ch India"]
[Site "masterchessopen.com India"]
[Round "15"]
[White "Mithrakanth Poorna Sharma (IND)"]
[Black "Tilak Sharad S (IND)"]
[Result "0-1"]
[WhiteElo "2460"]
[BlackElo "2415"]

1.e4 c5 2.Nf3 d6 3.d4 cxd4 4.Nxd4 Nf6 5.Nc3 Nc6 6.Bg5 e6 7.Qd2 a6 8.O-O-O Bd7
9.f3 Be7 10.Nxc6 Bxc6 11.Qe1 O-O 12.e5 Nd5 13.Bxe7 Qxe7 14.Nxd5 Bxd5 15.Qb4 a5
16.Qxd6 Qg5+ 17.Rd2 Rfd8 18.Qc7 Bc4 {#R} 0-1